000
00330nam a22001457a 4500
008
210312b ||||| |||| 00| 0 eng d
020
_a
9780205689453
041
_a
eng
080
_2
9th
_a
82
082
_a
82
100
_a
21
101
_a
GJL
245
_a
Strategies for Successful Writing
_c
Reinking, J. A
942
_2
udc
_c
BK
999
_c
56517
_d
56517